Quiz wiedzy ogólnej #25 - Statystyki

Ogólne statystyki
  • Ten quiz został rozwiązany 1 716 razy
    1 507 od ostatniego zresetowania
  • Średni wynik to 9 z 20
Statystyki odpowiedzi
Pytanie Odpowiedź % Poprawnych
Jakie jest drugie największe miasto w województwie pomorskim? Gdynia
94%
Jaki kraj nazywany jest „Krainą Wschodzącego Słońca”? Japonia
86%
Jeśli doszło do wykrwawienia, co straciłeś? Krew
81%
W którym roku miał miejsce zjazd gnieźnieński? 1000
67%
Ile jest parków narodowych w Polsce? 23
67%
Jaki jest pierwszy kraj na świecie, alfabetycznie? Afganistan
61%
Kto był głównym bohaterem „Odysei”? Odyseusz
60%
Jaki rodzaj ryb przepłynie do 1400 kilometrów w górę rzeki, aby złożyć tarło w strumieniach? Łosoś
57%
Jak poprzednio nazywała się Demokratyczna Republika Konga w latach 1971–1997? Zair
53%
Kto był królem Polski w 1363 roku? Kazimierz III Wielki
52%
Podczas swoich podróży Marco Polo twierdził, że widział jednorożce, które opisał jako
„niewiele mniejsze od słoni”. Jakie prawdziwe zwierzę widział?
Nosorożec
49%
Na jakiej pozycji gra Harry Potter w quidditchu? Szukający
42%
Delta jakiej większej rzeki znajduje się w południowym Wietnamie? Mekong
36%
Jaki zespół prowadził wokalista Jim Morrison? The Doors
25%
Reprezentacja jakiego kraju w rugby znana jest jako Springboks? RepublikaPołudniowej Afryki
24%
W jakim filmie wystąpiła piękność z Południa o imieniu Scarlett O'Hara? Przeminęło z wiatrem
23%
Który żółw ninja używa nunczako? Michelangelo
18%
Jaki rodzaj wiersza ma dokładnie 17 sylab? Haiku
17%
Jakie jest największe powierzchniowo miasto w Polsce poniżej 100 tys. mieszkańców? Świnoujście
13%
Jaki jest najliczniejszy typ zwierząt na Ziemi, z opisanym blisko milionem gatunków? Stawonogi
10%
Nie znaleziono quizów pasujących do podanych kryteriów
Rozkład punktacji
Procent ludzi z każdym wynikiem
Percentyl według liczby udzielonych odpowiedzi
Twoja historia wyników
Nie rozwiązałeś tego quizu od ostatniego zresetowania